AFL Clubs Leading Goalkickers since 2000 - Statistics

General Stats
  • This quiz has been taken 76 times
    54 since last reset
  • The average score is 246 of 391
Answer Stats
Year Answer Goals % Correct
Carlton 2011 Andrew Walker 56
94%
North Melbourne 2016 Ben Brown 41
94%
North Melbourne 2017 Ben Brown 63
94%
North Melbourne 2018 Ben Brown 61
94%
North Melbourne 2019 Ben Brown 64
94%
Brisbane 2016 Josh Walker / Dayne Zorko 23
94%
Adelaide 2011 Taylor Walker 32
94%
Adelaide 2012 Taylor Walker 63
94%
Adelaide 2019 Taylor Walker 43
94%
Adelaide 2020 Taylor Walker 15
94%
Adelaide 2021 Taylor Walker 48
94%
Adelaide 2022 Taylor Walker 47
94%
Brisbane 2019 Charlie Cameron 57
91%
Brisbane 2020 Charlie Cameron 31
91%
Brisbane 2021 Charlie Cameron 55
91%
Brisbane 2022 Charlie Cameron 54
91%
GWS 2012 Jeremy Cameron 29
91%
GWS 2013 Jeremy Cameron 62
91%
GWS 2014 Jeremy Cameron 29
91%
GWS 2015 Jeremy Cameron 63
91%
GWS 2016 Jeremy Cameron 53
91%
GWS 2018 Jeremy Cameron 46
91%
GWS 2019 Jeremy Cameron 76
91%
GWS 2020 Jeremy Cameron 24
91%
GWS 2017 Jeremy Cameron / Toby Greene / Jonathan Patton 45
91%
Brisbane 2007 Jonathan Brown 77
91%
Brisbane 2009 Jonathan Brown 85
91%
Brisbane 2010 Jonathan Brown 53
91%
Brisbane 2012 Jonathan Brown 47
91%
Brisbane 2013 Jonathan Brown 28
91%
Hawthorn 2007 Lance Franklin 73
91%
Hawthorn 2008 Lance Franklin 113
91%
Hawthorn 2009 Lance Franklin 67
91%
Hawthorn 2010 Lance Franklin 64
91%
Hawthorn 2011 Lance Franklin 82
91%
Hawthorn 2012 Lance Franklin 69
91%
Sydney 2014 Lance Franklin 79
91%
Sydney 2015 Lance Franklin 47
91%
Sydney 2016 Lance Franklin 81
91%
Sydney 2017 Lance Franklin 73
91%
Sydney 2018 Lance Franklin 57
91%
Sydney 2021 Lance Franklin 51
91%
Sydney 2022 Lance Franklin 52
91%
Western Bulldogs 2002 Nathan Brown 57
91%
Western Bulldogs 2003 Nathan Brown 56
91%
Brisbane 2000 Alastair Lynch 68
88%
Brisbane 2001 Alastair Lynch 58
88%
Brisbane 2002 Alastair Lynch 74
88%
Brisbane 2003 Alastair Lynch 78
88%
Richmond 2010 Jack Riewoldt 78
88%
Richmond 2011 Jack Riewoldt 62
88%
Richmond 2012 Jack Riewoldt 65
88%
Richmond 2013 Jack Riewoldt 58
88%
Richmond 2014 Jack Riewoldt 61
88%
Richmond 2015 Jack Riewoldt 54
88%
Richmond 2016 Jack Riewoldt 48
88%
Richmond 2017 Jack Riewoldt 54
88%
Richmond 2018 Jack Riewoldt 70
88%
Richmond 2020 Jack Riewoldt 33
88%
Richmond 2021 Jack Riewoldt 51
88%
St Kilda 2008 Nick Riewoldt 65
88%
St Kilda 2009 Nick Riewoldt 78
88%
St Kilda 2013 Nick Riewoldt 50
88%
St Kilda 2014 Nick Riewoldt 49
88%
West Coast 2006 Quinten Lynch 65
88%
West Coast 2007 Quinten Lynch 52
88%
Adelaide 2013 Tom Lynch 33
88%
Gold Coast 2014 Tom Lynch 46
88%
Gold Coast 2015 Tom Lynch 43
88%
Gold Coast 2016 Tom Lynch 66
88%
Gold Coast 2017 Tom Lynch 44
88%
Richmond 2019 Tom Lynch 63
88%
Richmond 2022 Tom Lynch 63
88%
Carlton 2018 Charlie Curnow 34
84%
Carlton 2022 Charlie Curnow 64
84%
Geelong 2006 Gary Ablett 35
84%
Gold Coast 2012 Gary Ablett 26
84%
Gold Coast 2013 Gary Ablett 28
84%
Carlton 2019 Harry McKay 26
84%
Carlton 2020 Harry McKay 21
84%
Carlton 2021 Harry McKay 58
84%
West Coast 2011 Josh Kennedy 59
84%
West Coast 2013 Josh Kennedy 60
84%
West Coast 2014 Josh Kennedy 61
84%
West Coast 2015 Josh Kennedy 80
84%
West Coast 2016 Josh Kennedy 82
84%
West Coast 2017 Josh Kennedy 69
84%
West Coast 2020 Josh Kennedy 34
84%
West Coast 2022 Josh Kennedy 37
84%
Essendon 2000 Matthew Lloyd 109
84%
Essendon 2001 Matthew Lloyd 105
84%
Essendon 2002 Matthew Lloyd 47
84%
Essendon 2003 Matthew Lloyd 93
84%
Essendon 2004 Matthew Lloyd 96
84%
Essendon 2005 Matthew Lloyd 59
84%
Essendon 2007 Matthew Lloyd 62
84%
Essendon 2008 Matthew Lloyd 62
84%
Essendon 2009 Matthew Lloyd 35
84%
Western Bulldogs 2019 Sam Lloyd 38
84%
Geelong 2012 Tom Hawkins 62
84%
Geelong 2013 Tom Hawkins 49
84%
Geelong 2014 Tom Hawkins 68
84%
Geelong 2015 Tom Hawkins 46
84%
Geelong 2016 Tom Hawkins 55
84%
Geelong 2017 Tom Hawkins 51
84%
Geelong 2018 Tom Hawkins 60
84%
Geelong 2019 Tom Hawkins 56
84%
Geelong 2020 Tom Hawkins 49
84%
Geelong 2021 Tom Hawkins 62
84%
Geelong 2022 Tom Hawkins 64
84%
Gold Coast 2020 Ben King 25
81%
Gold Coast 2021 Ben King 47
81%
Port Adelaide 2017 Charlie Dixon 49
81%
Port Adelaide 2020 Charlie Dixon 34
81%
Port Adelaide 2021 Charlie Dixon 48
81%
Adelaide 2014 Eddie Betts 51
81%
Adelaide 2015 Eddie Betts 63
81%
Adelaide 2016 Eddie Betts 75
81%
Adelaide 2017 Eddie Betts 55
81%
Carlton 2010 Eddie Betts 42
81%
Carlton 2012 Eddie Betts 48
81%
St Kilda 2021 Max King 38
81%
St Kilda 2022 Max King 52
81%
Collingwood 2002 Anthony Rocca / Chris Tarrant 38
78%
Melbourne 2010 Brad Green 55
78%
Hawthorn 2013 Jarryd Roughead 72
78%
Hawthorn 2014 Jarryd Roughead 75
78%
Hawthorn 2017 Jarryd Roughead 38
78%
Brisbane 2014 Josh Green 33
78%
Brisbane 2015 Josh Green 25
78%
Hawthorn 2018 Luke Breust 54
78%
Hawthorn 2019 Luke Breust 34
78%
Hawthorn 2021 Luke Breust 33
78%
Hawthorn 2022 Luke Breust 40
78%
Fremantle 2005 Matthew Pavlich 61
78%
Fremantle 2006 Matthew Pavlich 71
78%
Fremantle 2007 Matthew Pavlich 72
78%
Fremantle 2008 Matthew Pavlich 67
78%
Fremantle 2009 Matthew Pavlich 28
78%
Fremantle 2010 Matthew Pavlich 61
78%
Fremantle 2012 Matthew Pavlich 69
78%
Fremantle 2001 Matthew Pavlich / Justin Longmuir 28
78%
Richmond 2001 Matthew Richardson 59
78%
Richmond 2002 Matthew Richardson 36
78%
Richmond 2003 Matthew Richardson 33
78%
Richmond 2004 Matthew Richardson 65
78%
Richmond 2005 Matthew Richardson 65
78%
Richmond 2006 Matthew Richardson 45
78%
Richmond 2007 Matthew Richardson 53
78%
Richmond 2008 Matthew Richardson 48
78%
Collingwood 2000 Anthony Rocca 33
75%
Collingwood 2006 Anthony Rocca 55
75%
Collingwood 2007 Anthony Rocca 54
75%
Carlton 2003 Brendan Fevola 63
75%
Carlton 2004 Brendan Fevola 66
75%
Carlton 2005 Brendan Fevola 49
75%
Carlton 2006 Brendan Fevola 84
75%
Carlton 2007 Brendan Fevola 59
75%
Carlton 2008 Brendan Fevola 99
75%
Carlton 2009 Brendan Fevola 89
75%
Melbourne 2002 David Neitz 82
75%
Melbourne 2003 David Neitz 65
75%
Melbourne 2004 David Neitz 69
75%
Melbourne 2006 David Neitz 68
75%
Hawthorn 2015 Jack Gunston 57
75%
Hawthorn 2016 Jack Gunston 51
75%
Hawthorn 2020 Jack Gunston 31
75%
Essendon 2014 Joe Daniher 28
75%
Essendon 2015 Joe Daniher 34
75%
Essendon 2016 Joe Daniher 43
75%
Essendon 2017 Joe Daniher 65
75%
North Melbourne 2001 Sav Rocca 48
75%
North Melbourne 2002 Sav Rocca 50
75%
North Melbourne 2004 Sav Rocca 49
75%
St Kilda 2001 Barry Hall 44
72%
Sydney 2002 Barry Hall 55
72%
Sydney 2003 Barry Hall 64
72%
Sydney 2004 Barry Hall 74
72%
Sydney 2005 Barry Hall 80
72%
Sydney 2006 Barry Hall 78
72%
Sydney 2007 Barry Hall 44
72%
Western Bulldogs 2010 Barry Hall 80
72%
Western Bulldogs 2011 Barry Hall 55
72%
Western Bulldogs 2001 Brad Johnson 48
72%
Western Bulldogs 2005 Brad Johnson 42
72%
Western Bulldogs 2006 Brad Johnson 74
72%
Western Bulldogs 2007 Brad Johnson 59
72%
Western Bulldogs 2008 Brad Johnson 50
72%
St Kilda 2003 Fraser Gehrig 55
72%
St Kilda 2004 Fraser Gehrig 103
72%
St Kilda 2005 Fraser Gehrig 78
72%
St Kilda 2006 Fraser Gehrig 71
72%
St Kilda 2007 Fraser Gehrig 59
72%
West Coast 2012 Jack Darling 53
72%
West Coast 2018 Jack Darling 48
72%
West Coast 2019 Jack Darling 59
72%
West Coast 2021 Jack Darling 42
72%
Carlton 2016 Matthew Wright 22
72%
Essendon 2022 Peter Wright 53
72%
Geelong 2008 Steve Johnson 53
72%
Geelong 2010 Steve Johnson 63
72%
Port Adelaide 2000 Warren Tredrea 32
72%
Port Adelaide 2001 Warren Tredrea 51
72%
Port Adelaide 2003 Warren Tredrea 58
72%
Port Adelaide 2004 Warren Tredrea 81
72%
Port Adelaide 2005 Warren Tredrea 65
72%
Port Adelaide 2009 Warren Tredrea 51
72%
Sydney 2009 Adam Goodes 38
69%
Sydney 2010 Adam Goodes 44
69%
Sydney 2011 Adam Goodes 41
69%
Melbourne 2020 Bayley Fritsch 22
69%
Melbourne 2021 Bayley Fritsch 59
69%
Melbourne 2022 Bayley Fritsch 55
69%
Collingwood 2019 Brody Mihocek 36
69%
Collingwood 2020 Brody Mihocek 25
69%
Collingwood 2021 Brody Mihocek 34
69%
Collingwood 2022 Brody Mihocek 41
69%
Fremantle 2013 Michael Walters 46
69%
Fremantle 2015 Michael Walters 44
69%
Fremantle 2016 Michael Walters 36
69%
Fremantle 2018 Michael Walters 22
69%
Fremantle 2019 Michael Walters 40
69%
North Melbourne 2000 Wayne Carey 69
69%
Brisbane 2004 Jason Akermanis 48
66%
Western Bulldogs 2009 Jason Akermanis 43
66%
North Melbourne 2021 Nick Larkey 42
66%
North Melbourne 2022 Nick Larkey 38
66%
Collingwood 2011 Travis Cloke 69
66%
Collingwood 2012 Travis Cloke 59
66%
Collingwood 2013 Travis Cloke 68
66%
Collingwood 2014 Travis Cloke 39
66%
Collingwood 2001 Chris Tarrant 53
63%
Collingwood 2003 Chris Tarrant 54
63%
Collingwood 2004 Chris Tarrant 36
63%
Collingwood 2005 Chris Tarrant 36
63%
Fremantle 2020 Matt Taberner 29
63%
Fremantle 2021 Matt Taberner 37
63%
Port Adelaide 2011 Robbie Gray 32
63%
Port Adelaide 2018 Robbie Gray 36
63%
St Kilda 2002 Stephen Milne 50
63%
St Kilda 2010 Stephen Milne 57
63%
St Kilda 2011 Stephen Milne 56
63%
St Kilda 2012 Stephen Milne 56
63%
GWS 2021 Toby Greene 44
63%
GWS 2022 Toby Greene 37
63%
Geelong 2007 Cameron Mooney 67
59%
Geelong 2009 Cameron Mooney 46
59%
Brisbane 2017 Dayne Zorko 34
59%
Essendon 2018 Jake Stringer 30
59%
Essendon 2019 Jake Stringer 34
59%
Essendon 2021 Jake Stringer 41
59%
Western Bulldogs 2015 Jake Stringer 56
59%
Western Bulldogs 2016 Jake Stringer 42
59%
Western Bulldogs 2017 Jake Stringer / Liam Picken 24
59%
St Kilda 2015 Josh Bruce 50
59%
Western Bulldogs 2021 Josh Bruce 48
59%
Sydney 2019 Tom Papley 37
59%
Sydney 2020 Tom Papley 26
59%
Western Bulldogs 2022 Aaron Naughton 51
56%
North Melbourne 2009 Drew Petrie 27
56%
North Melbourne 2011 Drew Petrie 48
56%
North Melbourne 2012 Drew Petrie 58
56%
North Melbourne 2014 Drew Petrie 50
56%
North Melbourne 2015 Drew Petrie / Jarrad Waite 42
56%
Collingwood 2015 Jamie Elliott 35
56%
Collingwood 2017 Jamie Elliott 34
56%
Melbourne 2015 Jesse Hogan 44
53%
Melbourne 2016 Jesse Hogan 41
53%
Melbourne 2018 Tom McDonald 53
53%
Brisbane 2005 Daniel Bradshaw 42
50%
Brisbane 2006 Daniel Bradshaw 59
50%
Brisbane 2008 Daniel Bradshaw 75
50%
Collingwood 2018 Jordan De Goey 48
50%
Adelaide 2018 Josh Jenkins 46
50%
Gold Coast 2022 Mabior Chol 44
50%
Port Adelaide 2015 Chad Wingard 53
47%
Port Adelaide 2016 Chad Wingard 38
47%
North Melbourne 2010 Lindsay Thomas 29
47%
North Melbourne 2013 Lindsay Thomas 53
47%
Sydney 2000 Michael OLoughlin 53
47%
Sydney 2001 Michael OLoughlin 35
47%
Sydney 2008 Michael OLoughlin 41
47%
West Coast 2000 Phil Matera 49
47%
West Coast 2002 Phil Matera 46
47%
West Coast 2003 Phil Matera 62
47%
West Coast 2004 Phil Matera 61
47%
West Coast 2005 Phil Matera 38
47%
Western Bulldogs 2000 Rohan Smith 42
47%
Melbourne 2001 Russell Robertson 42
47%
Melbourne 2005 Russell Robertson 73
47%
Melbourne 2007 Russell Robertson 42
47%
Melbourne 2009 Russell Robertson 29
47%
Essendon 2006 Scott Lucas 67
47%
St Kilda 2016 Tim Membrey 44
47%
St Kilda 2017 Tim Membrey 38
47%
St Kilda 2019 Tim Membrey 44
47%
Port Adelaide 2022 Todd Marshall 45
47%
North Melbourne 2007 Corey Jones 46
44%
Carlton 2014 Jarrad Waite 29
44%
Port Adelaide 2010 Jay Schulz 33
44%
Port Adelaide 2012 Jay Schulz 42
44%
Port Adelaide 2013 Jay Schulz 49
44%
Port Adelaide 2014 Jay Schulz 66
44%
North Melbourne 2020 Cameron Zurhaar 18
41%
Melbourne 2019 Christian Petracca 22
41%
Geelong 2011 James Podsiadly 52
41%
Hawthorn 2003 Nathan Thompson 38
41%
Hawthorn 2004 Nathan Thompson 36
41%
North Melbourne 2005 Nathan Thompson 52
41%
North Melbourne 2006 Nathan Thompson 54
41%
Collingwood 2010 Alan Didak 41
38%
Brisbane 2018 Eric Hipwood 37
38%
Adelaide 2010 Kurt Tippett 46
38%
Sydney 2013 Kurt Tippett 35
38%
West Coast 2009 Mark LeCras 58
38%
West Coast 2010 Mark LeCras 63
38%
Collingwood 2008 Paul Medhurst 50
38%
Fremantle 2003 Paul Medhurst 50
38%
Fremantle 2004 Paul Medhurst 41
38%
Melbourne 2000 Jeff Farmer 76
34%
Carlton 2017 Levi Casboult 34
34%
Adelaide 2006 Mark Ricciuto 44
34%
Hawthorn 2005 Mark Williams 63
34%
Hawthorn 2006 Mark Williams 60
34%
Fremantle 2022 Rory Lobb 36
34%
Collingwood 2009 Jack Anthony 50
31%
Carlton 2000 Lance Whitnall 70
31%
Adelaide 2000 Scott Welsh 47
31%
Adelaide 2004 Scott Welsh 36
31%
Adelaide 2005 Scott Welsh 58
31%
Adelaide 2007 Scott Welsh 49
31%
Gold Coast 2018 Alex Sexton 28
28%
Gold Coast 2019 Alex Sexton 39
28%
Adelaide 2001 Darren Jarman 40
28%
Adelaide 2009 Jason Porplyzia 57
28%
Melbourne 2011 Liam Jurrah 40
28%
Port Adelaide 2007 Brett Ebert 56
25%
Fremantle 2014 Hayden Ballantyne 49
25%
Carlton 2013 Jeff Garlett 43
25%
Melbourne 2017 Jeff Garlett 42
25%
Sydney 2012 Lewis Jetta 45
25%
Western Bulldogs 2004 Luke Darcy / Jade Rawlings 30
25%
Essendon 2011 Stewart Crameri 34
25%
Essendon 2012 Stewart Crameri 32
25%
Essendon 2013 Stewart Crameri 30
25%
Western Bulldogs 2014 Stewart Crameri 37
25%
Collingwood 2016 Alex Fasolo 25
22%
Melbourne 2008 Brad Miller 26
22%
Adelaide 2002 Brett Burton 51
22%
Adelaide 2008 Brett Burton 34
22%
Port Adelaide 2019 Connor Rozee 29
22%
Melbourne 2014 Chris Dawes 20
19%
St Kilda 2020 Dan Butler 29
19%
Geelong 2002 Kent Kingsley 57
19%
Geelong 2003 Kent Kingsley 33
19%
Geelong 2004 Kent Kingsley 48
19%
Geelong 2005 Kent Kingsley 57
19%
Fremantle 2011 Kepler Bradley / Chris Mayne 25
19%
Richmond 2009 Mitch Morton 41
19%
Hawthorn 2000 Nick Holland 51
19%
Fremantle 2017 Cam McCarthy 25
16%
Fremantle 2000 Clive Waterhouse 53
16%
Hawthorn 2002 Daniel Chick 31
16%
Port Adelaide 2008 Daniel Motlop 57
16%
St Kilda 2018 Jade Gresham 35
16%
Melbourne 2013 Jeremy Howe 28
16%
Hawthorn 2001 John Barker 47
16%
Brisbane 2011 Mitch Clark 27
16%
Melbourne 2012 Mitch Clark 29
16%
Western Bulldogs 2020 Mitch Wallis 25
16%
Port Adelaide 2002 Stuart Dew 51
16%
Fremantle 2002 Trent Croad 42
16%
Carlton 2015 Andrejs Everitt 31
13%
Essendon 2010 Angus Monfries 24
13%
Western Bulldogs 2012 Daniel Giansiracusa 28
13%
Western Bulldogs 2013 Daniel Giansiracusa 36
13%
Gold Coast 2011 Danny Stanley 20
13%
Adelaide 2003 Graham Johncock 30
13%
Carlton 2001 Matthew Lappin 49
13%
St Kilda 2000 Peter Everitt 40
13%
Geelong 2001 Ronnie Burns / Ben Graham 33
13%
Essendon 2020 Anthony McDonald-Tipungwuti 19
9%
North Melbourne 2008 David Hale 37
9%
Geelong 2000 Ronnie Burns / David Mensch 39
9%
West Coast 2001 Troy Wilson 40
9%
West Coast 2008 Ben McKinley 42
6%
Western Bulldogs 2018 Billy Gowers 26
6%
Carlton 2002 Corey McKernan 40
6%
Port Adelaide 2006 Josh Mahoney 29
3%
North Melbourne 2003 Leigh Harding 33
3%
Richmond 2000 Matthew Rogers 37
3%
No matching quizzes found
Score Distribution
Percent of People with Each Score
Percentile by Number Answered
Your Score History
You have not taken this quiz since the last reset